Islamic tolerance (Record no. 411864)

MARC details
000 -LEADER
fixed length control field 00812nam a2200265Ia 4500
003 - CONTROL NUMBER IDENTIFIER
control field OSt
005 - DATE AND TIME OF LATEST TRANSACTION
control field 20220924122510.0
008 - FIXED-LENGTH DATA ELEMENTS--GENERAL INFORMATION
fixed length control field 220923b |||||||| |||| 00| 0 per d
020 ## - INTERNATIONAL STANDARD BOOK NUMBER
International Standard Book Number 9780415779135 (hbk)
037 ## - SOURCE OF ACQUISITION
Terms of availability Textual
040 ## - CATALOGING SOURCE
Original cataloging agency ARTS
Transcribing agency ARTS
Language of cataloging per
041 ## - LANGUAGE CODE
Source of code per
Language code of text/sound track or separate title per
100 ## - MAIN ENTRY--PERSONAL NAME
Personal name Gabbay Alyssa
9 (RLIN) 189687
245 #0 - TITLE STATEMENT
Title Islamic tolerance
Remainder of title Amir Khusraw and pluralism
260 ## - PUBLICATION, DISTRIBUTION, ETC.
Place of publication, distribution, etc. London
Name of publisher, distributor, etc. Routledge UK
Date of publication, distribution, etc. 2010
300 ## - PHYSICAL DESCRIPTION
Extent 2010
Dimensions cm.
650 ## - SUBJECT ADDED ENTRY--TOPICAL TERM
Topical term or geographic name entry element ENGLISH LITERATURE
942 ## - ADDED ENTRY ELEMENTS (KOHA)
Classification part O164,1G53:g(Q), 111Q0
Koha item type Textual
Source of classification or shelving scheme Colon Classification (CC)
Holdings
Withdrawn status Lost status Damaged status Not for loan Home library Current library Date acquired Source of acquisition Cost, normal purchase price Total Checkouts Full call number Barcode Date last seen Cost, replacement price Price effective from Koha item type
        Arts Library Arts Library 2022-09-24 1545, 07/06/2010, Channel Publications 5160.00   O164,1G53:g(Q) 111Q0 AL1295148 2022-09-24 5160.00 2022-09-24 Textual
Copyright @ Delhi University Library System